Impact of the global forest industry on atmospheric greenhouse gases / (Record no. 15007)
[ view plain ]
| 000 -LEADER | |
|---|---|
| fixed length control field | 00475cam a2200157Mi 4500 |
| 020 ## - INTERNATIONAL STANDARD BOOK NUMBER | |
| ISBN | 9789251065600 |
| 020 ## - INTERNATIONAL STANDARD BOOK NUMBER | |
| ISBN | 9251065608 |
| 040 ## - CATALOGING SOURCE | |
| Transcribing agency | NLGGC |
| 082 ## - DEWEY DECIMAL CLASSIFICATION NUMBER | |
| Classification number | 634 FOO 2010 A053 Or. |
| 100 1# - MAIN ENTRY--AUTHOR NAME | |
| Personal name | Miner, Reid. |
| 245 10 - TITLE STATEMENT | |
| Title | Impact of the global forest industry on atmospheric greenhouse gases / |
| 260 ## - PUBLICATION, DISTRIBUTION, ETC. (IMPRINT) | |
| Place of publication | Rome : |
| Name of publisher | Food and Agriculture Organization of the United Nations, |
| Year of publication | 2010. |
| 300 ## - PHYSICAL DESCRIPTION | |
| Number of Pages | XI, 71 p. : |
| Other physical details | ill. ; |
| Dimensions | 30 cm. |
| 490 1# - SERIES STATEMENT | |
| Series statement | FAO forestry paper, |
| 942 ## - ADDED ENTRY ELEMENTS (KOHA) | |
| Koha item type | សៀវភៅភាសាអង់គ្លេស |
| 952 ## - LOCATION AND ITEM INFORMATION (KOHA) | |
| Withdrawn status [LOCAL, KOHA] | 0 |
| Permanent Location | Date acquired | Koha item type | Lost status | Shelving location | Barcode | Current Location | Full call number |
|---|---|---|---|---|---|---|---|
| Library Block A | 2017-11-01 | សៀវភៅភាសាអង់គ្លេស | A053 | RUA060545 | Library Block A | 634 FOO 2010 A053 Or. |